The Main Köppen Climate Classification Groups - Statistics

General Stats
  • This quiz has been taken 101 times
  • The average score is 4 of 5
Answer Stats
Group letter Group % Correct
A Tropical
87%
B Dry
82%
E Polar
72%
C Temperate
71%
D Continental
60%
No matching quizzes found
Score Distribution
Percent of People with Each Score
Percentile by Number Answered
Your Score History
You have not taken this quiz